000 00611nam a2200217Ii 4500
003 JO-AjNU
008 230606s9999||||xx |||||||||||||| ||und||
020 _a978-0-415-81078-4
040 _aJO-AjNU
_beng
_erda
_cJO-AjNU
041 _aeng
050 1 4 _aTH437.V57 2014
100 3 _aBaker,Roy/Narinder kaur virdi,
_eauthor
_94331
245 0 0 _aConstruction Mathematics
250 _a2 ed
264 3 1 _aLondon: Routledge ,2014
300 _a314p
336 _atext
_btxt
_2rdacontent
337 _aunmediated
_bn
_2rdamedia
338 _avolume
_bnc
_2rdacarrier
650 4 _aConstruction Mathematics
_94332
999 _aE2251
_c2249
_d2249